Countries in 2017 German Darts Masters - Statistics

General Stats
  • This quiz has been taken 20 times
  • The average score is 11 of 13
Answer Stats
Players Country % Correct
17 England
100%
4 Germany
100%
8 Netherlands
100%
2 Scotland
100%
5 Wales
100%
3 Austria
95%
2 Belgium
89%
1 Northern Ireland
89%
2 Australia
79%
1 Spain
68%
1 Poland
63%
1 Sweden
53%
1 Greece
42%
No matching quizzes found
Score Distribution
Percent of People with Each Score
Percentile by Number Answered
Your Score History
You have not taken this quiz